[Event "FICGS rapid C 000264 email"]
[Site "FICGS email"]
[Date "2021.06.06"]
[Round "1"]
[White "Nudo, Davide"]
[Black "Swiatek, Janusz"]
[Result "1/2-1/2"]
[WhiteElo "1788"]
[BlackElo "1800"]
[PlyCount "45"]
[EventDate "2021.??.??"]
[EventType "tourn (rapid)"]
[EventRounds "4"]
[SourceTitle "Corr 2022"]
[Source "ChessBase"]
[SourceDate "2021.10.24"]
[SourceVersion "1"]
[SourceVersionDate "2021.10.24"]
[SourceQuality "1"]

1. e4 c5 2. Nf3 e6 3. d4 cxd4 4. Nxd4 Nf6 5. Nc3 Nc6 6. Bg5 Be7 7. Nxc6 bxc6 8. e5 Nd5 9. Bxe7 Qxe7 10. Qd2 f6 11. Ne4 fxe5 12. c4 Qb4 13. 0-0-0 Qxd2+ 14. Rxd2 Nf6 15. Nd6+ Ke7 16. c5 a5 17. Bd3 Ba6 18. Bxa6 Rxa6 19. Re1 a4 20. Rxe5 Nd5 21. Re4 Ra5 22. Rc4 a3 23. b3 1/2-1/2

[Event "FICGS class D 000277 email"]
[Site "FICGS email"]
[Date "2021.05.05"]
[Round "1"]
[White "Pintor, Manuel Abranches"]
[Black "Nudo, Davide"]
[Result "0-1"]
[WhiteElo "1549"]
[BlackElo "1788"]
[PlyCount "50"]
[EventDate "2021.??.??"]
[EventType "tourn (corr)"]
[EventRounds "6"]
[SourceTitle "Corr 2022"]
[Source "ChessBase"]
[SourceDate "2021.10.24"]
[SourceVersion "1"]
[SourceVersionDate "2021.10.24"]
[SourceQuality "1"]

1. e4 e5 2. f4 exf4 3. Nf3 d6 4. d4 g5 5. Bc4 h6 6. 0-0 Bg7 7. c3 Nc6 8. Kh1 Nf6 9. d5 Ne7 10. e5 dxe5 11. Nxe5 0-0 12. Nd2 Nfxd5 13. Ndf3 g4 14. Nxf7 Rxf7 15. Nh4 Be6 16. Bd3 Qd6 17. Qe2 Rd8 18. Bg6 Nxg6 19. Nxg6 f3 20. gxf3 gxf3 21. Qf2 Bh3 22. Rg1 Nxc3 23. bxc3 Bg2+ 24. Rxg2 fxg2+ 25. Qxg2 Qd1+ 0-1

[Event "FICGS class D 000277 email"]
[Site "FICGS email"]
[Date "2021.05.05"]
[Round "1"]
[White "Trigance, Emile"]
[Black "Nudo, Davide"]
[Result "0-1"]
[WhiteElo "1739"]
[BlackElo "1788"]
[PlyCount "44"]
[EventDate "2021.??.??"]
[EventType "tourn (corr)"]
[EventRounds "6"]
[SourceTitle "Corr 2022"]
[Source "ChessBase"]
[SourceDate "2021.10.24"]
[SourceVersion "1"]
[SourceVersionDate "2021.10.24"]
[SourceQuality "1"]

1. e4 e5 2. f4 exf4 3. Nf3 d6 4. Bc4 h6 5. b3 Nc6 6. Bb2 Nf6 7. Nc3 Be7 8. Qe2 0-0 9. 0-0 Bg4 10. Nd5 Nxd5 11. exd5 Ne5 12. Bxe5 dxe5 13. Rae1 Bc5+ 14. Kh1 Re8 15. Qd3 Bd6 16. Bb5 Re7 17. Qc3 e4 18. Ng1 a6 19. Be2 Bf5 20. Bd1 Re8 21. Nh3 f3 22. Ng1 Qh4 0-1

[Event "FICGS class C 000290 email"]
[Site "FICGS email"]
[Date "2021.03.18"]
[Round "1"]
[White "Van Mechelen, Jan"]
[Black "Nudo, Davide"]
[Result "0-1"]
[WhiteElo "1689"]
[BlackElo "1661"]
[PlyCount "36"]
[EventDate "2021.??.??"]
[EventType "tourn (corr)"]
[EventRounds "4"]
[SourceTitle "Corr 2022"]
[Source "ChessBase"]
[SourceDate "2021.10.24"]
[SourceVersion "1"]
[SourceVersionDate "2021.10.24"]
[SourceQuality "1"]

1. e4 c5 2. Nf3 d6 3. Bb5+ Bd7 4. Bxd7+ Nxd7 5. 0-0 Ngf6 6. Qe2 e6 7. d4 cxd4 8. Nxd4 Be7 9. c4 0-0 10. b3 a6 11. Bb2 Qc7 12. Nc3 Rac8 13. Rad1 Rfe8 14. Rd3 Ne5 15. Rg3 Ng6 16. Nd1 Qb6 17. Kh1 d5 18. cxd5 Bc5 0-1

[Event "FICGS rapid C 000258 email"]
[Site "FICGS email"]
[Date "2021.03.02"]
[Round "1"]
[White "Nudo, Davide"]
[Black "Leurette, Marc Antoine"]
[Result "1-0"]
[WhiteElo "1661"]
[BlackElo "1620"]
[PlyCount "67"]
[EventDate "2021.??.??"]
[EventType "tourn (rapid)"]
[EventRounds "4"]
[SourceTitle "Corr 2022"]
[Source "ChessBase"]
[SourceDate "2021.10.24"]
[SourceVersion "1"]
[SourceVersionDate "2021.10.24"]
[SourceQuality "1"]

1. e4 e5 2. Nf3 Nc6 3. Bb5 Nf6 4. 0-0 Nxe4 5. d4 exd4 6. Re1 d5 7. Nxd4 Bc5 8. Bxc6+ bxc6 9. f3 0-0 10. fxe4 dxe4 11. Be3 Bxd4 12. Qxd4 Re8 13. Qxd8 Rxd8 14. Nc3 f5 15. Rad1 Be6 16. Kf2 h6 17. Rxd8+ Rxd8 18. Bxa7 g5 19. a4 Ra8 20. Bc5 h5 21. Be7 g4 22. Ke3 Kf7 23. Bc5 Ra5 24. b4 Ra8 25. a5 Bc4 26. Ne2 Ke6 27. Nd4+ Ke5 28. Nxc6+ Kf6 29. Kf4 Be6 30. Rd1 Ra6 31. b5 Ra8 32. Be7+ Kg6 33. a6 Bc4 34. Ne5+ 1-0

[Event "FICGS rapid D 000138 email"]
[Site "FICGS email"]
[Date "2021.02.20"]
[Round "1"]
[White "Nudo, Davide"]
[Black "Pintor, Manuel Abranches"]
[Result "1-0"]
[WhiteElo "1593"]
[BlackElo "1588"]
[PlyCount "45"]
[EventDate "2021.??.??"]
[EventType "tourn (rapid)"]
[EventRounds "5"]
[SourceTitle "Corr 2022"]
[Source "ChessBase"]
[SourceDate "2021.10.24"]
[SourceVersion "1"]
[SourceVersionDate "2021.10.24"]
[SourceQuality "1"]

1. e4 e5 2. Nf3 Nc6 3. Bb5 Bc5 4. Nxe5 Qh4 5. 0-0 Nxe5 6. d4 Ng4 7. h3 N8f6 8. dxc5 0-0 9. hxg4 Nxg4 10. Bf4 g5 11. Bxc7 d6 12. Qxd6 Be6 13. Nc3 Rac8 14. Nd5 Kg7 15. Rad1 h5 16. f3 Nf6 17. Qe5 Bxd5 18. g3 Rce8 19. Bxe8 Rxe8 20. gxh4 Rxe5 21. Bxe5 Bc4 22. hxg5 Bxf1 23. Bxf6+ 1-0

[Event "FICGS class C 000235 email"]
[Site "FICGS email"]
[Date "2016.06.26"]
[Round "1"]
[White "Nudo, Davide"]
[Black "Mevel, Alberic"]
[Result "0-1"]
[WhiteElo "1696"]
[BlackElo "1901"]
[PlyCount "26"]
[EventDate "2016.??.??"]
[EventType "tourn (corr)"]
[EventRounds "4"]
[SourceTitle "Corr 2022"]
[Source "ChessBase"]
[SourceDate "2021.10.24"]
[SourceVersion "1"]
[SourceVersionDate "2021.10.24"]
[SourceQuality "1"]

1. e4 c5 2. Nf3 Nc6 3. d4 cxd4 4. Nxd4 Nf6 5. Nc3 e5 6. Ndb5 d6 7. Bg5 a6 8. Na3 b5 9. Nd5 Be7 10. Bxf6 Bxf6 11. c3 0-0 12. Nc2 Bg5 13. a4 bxa4 0-1

[Event "FICGS class C 000232 email"]
[Site "FICGS email"]
[Date "2016.03.12"]
[Round "1"]
[White "Nudo, Davide"]
[Black "Foster, Duncan"]
[Result "1-0"]
[WhiteElo "1665"]
[BlackElo "1659"]
[PlyCount "49"]
[EventDate "2016.??.??"]
[EventType "tourn (corr)"]
[EventRounds "4"]
[SourceTitle "Corr 2022"]
[Source "ChessBase"]
[SourceDate "2021.10.24"]
[SourceVersion "1"]
[SourceVersionDate "2021.10.24"]
[SourceQuality "1"]

1. e4 b6 2. Nf3 Bb7 3. Nc3 a6 4. d4 h6 5. Bd3 g6 6. 0-0 e6 7. Bd2 Bg7 8. Ne2 Ne7 9. c4 0-0 10. Qc1 Kh7 11. h3 d6 12. b4 Nd7 13. Rd1 c5 14. bxc5 bxc5 15. Rb1 Rb8 16. d5 e5 17. Ng3 Ba8 18. Qa3 Qc7 19. Qxa6 Rxb1 20. Rxb1 Rb8 21. Rxb8 Qxb8 22. Qb5 Qa7 23. a4 Bf8 24. Ne2 Nb6 25. Qe8 1-0

[Event "FICGS class C 000232 email"]
[Site "FICGS email"]
[Date "2016.03.12"]
[Round "1"]
[White "Romano, Jacopo"]
[Black "Nudo, Davide"]
[Result "1-0"]
[WhiteElo "1800"]
[BlackElo "1665"]
[PlyCount "35"]
[EventDate "2016.??.??"]
[EventType "tourn (corr)"]
[EventRounds "4"]
[SourceTitle "Corr 2022"]
[Source "ChessBase"]
[SourceDate "2021.10.24"]
[SourceVersion "1"]
[SourceVersionDate "2021.10.24"]
[SourceQuality "1"]

1. d4 Nf6 2. c4 g6 3. Nc3 d5 4. Nf3 Bg7 5. Qb3 dxc4 6. Qxc4 0-0 7. e4 b6 8. e5 Be6 9. exf6 Bxc4 10. fxg7 Kxg7 11. Bxc4 Nc6 12. Bf4 a6 13. 0-0 e6 14. a3 b5 15. Ba2 b4 16. Ne4 Rb8 17. Rac1 Rb6 18. Rfd1 1-0

[Event "FICGS W-ch st1 g01 email"]
[Site "FICGS email"]
[Date "2016.03.02"]
[Round "1"]
[White "Pechova, Hana"]
[Black "Nudo, Davide"]
[Result "0-1"]
[WhiteElo "1262"]
[BlackElo "1665"]
[PlyCount "22"]
[EventDate "2016.??.??"]
[EventType "tourn (corr)"]
[EventRounds "8"]
[SourceTitle "Corr 2022"]
[Source "ChessBase"]
[SourceDate "2021.10.24"]
[SourceVersion "1"]
[SourceVersionDate "2021.10.24"]
[SourceQuality "1"]

1. c4 e6 2. Nc3 c5 3. Nf3 Nf6 4. g3 b6 5. Bg2 Bb7 6. 0-0 Be7 7. d4 cxd4 8. Qxd4 d6 9. b3 0-0 10. Rd1 Nbd7 11. e4 a6 0-1

[Event "FICGS class C 000231 email"]
[Site "FICGS email"]
[Date "2016.02.27"]
[Round "1"]
[White "Nudo, Davide"]
[Black "Rodriguez Perez, Rene"]
[Result "1/2-1/2"]
[WhiteElo "1657"]
[BlackElo "1770"]
[PlyCount "64"]
[EventDate "2016.??.??"]
[EventType "tourn (corr)"]
[EventRounds "4"]
[SourceTitle "Corr 2022"]
[Source "ChessBase"]
[SourceDate "2021.10.24"]
[SourceVersion "1"]
[SourceVersionDate "2021.10.24"]
[SourceQuality "1"]

1. e4 e6 2. d4 d5 3. Nd2 Nf6 4. e5 Nfd7 5. Ngf3 c5 6. c3 Nc6 7. Bd3 Be7 8. 0-0 g5 9. dxc5 g4 10. Nd4 Ndxe5 11. N2b3 Nxd3 12. Qxd3 e5 13. Nxc6 bxc6 14. Bh6 a5 15. c4 a4 16. Nd2 f5 17. cxd5 e4 18. Qc2 cxd5 19. Rfd1 Qa5 20. Nf1 Be6 21. Rac1 Kf7 22. Be3 Rhc8 23. Ng3 f4 24. Bxf4 Rxc5 25. Qe2 Qb5 26. Qe1 Qxb2 27. Rb1 Qf6 28. Be3 Rc2 29. Bd4 Qf4 30. Rb7 Rac8 31. Be3 Qe5 32. Bd4 Qg5 1/2-1/2

[Event "FICGS rapid C 000131 email"]
[Site "FICGS email"]
[Date "2016.02.11"]
[Round "1"]
[White "Giandomenico, Alfonso"]
[Black "Nudo, Davide"]
[Result "0-1"]
[WhiteElo "1536"]
[BlackElo "1657"]
[PlyCount "72"]
[EventDate "2016.??.??"]
[EventType "tourn (rapid)"]
[EventRounds "4"]
[SourceTitle "Corr 2022"]
[Source "ChessBase"]
[SourceDate "2021.10.24"]
[SourceVersion "1"]
[SourceVersionDate "2021.10.24"]
[SourceQuality "1"]

1. e4 e6 2. d4 d5 3. Nd2 Nf6 4. e5 Nfd7 5. Ndf3 c5 6. c3 Nc6 7. Bd3 Qa5 8. Bd2 Qb6 9. Qb3 Qxb3 10. axb3 cxd4 11. cxd4 Nb4 12. Bxb4 Bxb4+ 13. Nd2 Nb8 14. Ngf3 Nc6 15. 0-0 Bxd2 16. Nxd2 Nxd4 17. Rfc1 Nc6 18. Bb5 Bd7 19. Bxc6 Bxc6 20. Nf3 Ke7 21. Nd4 Rhc8 22. g3 a6 23. Rc5 Bd7 24. Rac1 Rxc5 25. Rxc5 f6 26. exf6+ gxf6 27. Nf3 Rc8 28. Rc3 e5 29. Kf1 Ke6 30. Ke2 Rc6 31. Kd2 Rb6 32. Re3 Kd6 33. Ne1 d4 34. Rf3 Kc5 35. Nd3+ Kd5 36. Nc1 Bg4 0-1

[Event "FICGS rapid C 000131 email"]
[Site "FICGS email"]
[Date "2016.02.11"]
[Round "1"]
[White "Nudo, Davide"]
[Black "Ramos, Francisco Miguel R"]
[Result "1-0"]
[WhiteElo "1657"]
[BlackElo "1538"]
[PlyCount "51"]
[EventDate "2016.??.??"]
[EventType "tourn (rapid)"]
[EventRounds "4"]
[SourceTitle "Corr 2022"]
[Source "ChessBase"]
[SourceDate "2021.10.24"]
[SourceVersion "1"]
[SourceVersionDate "2021.10.24"]
[SourceQuality "1"]

1. e4 c5 2. Nf3 d6 3. d4 cxd4 4. Nxd4 Nf6 5. Nc3 a6 6. Bg5 e6 7. Be2 Be7 8. 0-0 0-0 9. a3 Nc6 10. Be3 Qc7 11. f4 Bd7 12. Nb3 b5 13. Bf3 Rac8 14. g3 Rfe8 15. Rf2 Nb8 16. g4 Bc6 17. g5 Nfd7 18. Bg4 Nc5 19. Nxc5 dxc5 20. f5 exf5 21. Bxf5 Rcd8 22. Bxh7+ Kxh7 23. Qh5+ Kg8 24. Qxf7+ Kh8 25. Qh5+ Kg8 26. g6 1-0

[Event "FICGS rapid C 000131 email"]
[Site "FICGS email"]
[Date "2016.02.11"]
[Round "1"]
[White "Nudo, Davide"]
[Black "Velasco, Maria Jose"]
[Result "1/2-1/2"]
[WhiteElo "1657"]
[BlackElo "1795"]
[PlyCount "107"]
[EventDate "2016.??.??"]
[EventType "tourn (rapid)"]
[EventRounds "4"]
[SourceTitle "Corr 2022"]
[Source "ChessBase"]
[SourceDate "2021.10.24"]
[SourceVersion "1"]
[SourceVersionDate "2021.10.24"]
[SourceQuality "1"]

1. d4 Nf6 2. Bg5 Ne4 3. Bf4 c5 4. Nf3 d5 5. e3 Qb6 6. Nc3 Qa5 7. Bb5+ Nc6 8. 0-0 Nxc3 9. Bxc6+ bxc6 10. bxc3 Qxc3 11. Ne5 cxd4 12. Rb1 dxe3 13. Rb3 Qd2 14. Qb1 Qa5 15. Bxe3 Qc7 16. Bf4 Qa5 17. Rb8 Rxb8 18. Qxb8 Qa6 19. Nd3 Qb7 20. Rb1 Qxb8 21. Rxb8 Kd8 22. Ne5 g5 23. Nxf7+ Kd7 24. Ra8 a6 25. Bg3 Rg8 26. Ne5+ Kd8 27. Nxc6+ Kd7 28. Ne5+ Kd8 29. Ra7 Ke8 30. f3 Bg7 31. Nc6 Bd7 32. Ra8+ Kf7 33. Rxg8 Kxg8 34. Nxe7+ Kf7 35. Nxd5 Bf5 36. Nb4 a5 37. Nd3 a4 38. Bd6 g4 39. fxg4 Bxg4 40. Kf1 Ke6 41. Ba3 Kd5 42. h3 Bd7 43. g4 Kc4 44. Ke2 Bf6 45. Bb4 Bc6 46. Bd2 Be8 47. Kd1 Kd4 48. Bb4 Ke4 49. Ke2 Bb5 50. Kf2 Bh4+ 51. Kg2 Ke3 52. Nb2 Ke2 53. a3 Bc6+ 54. Kg1 1/2-1/2

[Event "FICGS class D 000223 email"]
[Site "FICGS email"]
[Date "2015.10.15"]
[Round "1"]
[White "Nudo, Davide"]
[Black "Bullerkotte, Frank"]
[Result "1/2-1/2"]
[WhiteElo "1449"]
[BlackElo "1594"]
[PlyCount "47"]
[EventDate "2015.??.??"]
[EventType "tourn (corr)"]
[EventRounds "6"]
[SourceTitle "Corr 2022"]
[Source "ChessBase"]
[SourceDate "2021.10.24"]
[SourceVersion "1"]
[SourceVersionDate "2021.10.24"]
[SourceQuality "1"]

1. e4 c6 2. d4 d5 3. Nc3 dxe4 4. Nxe4 Bf5 5. Ng3 Bg6 6. Nf3 Nd7 7. Bd3 Bxd3 8. Qxd3 e6 9. 0-0 Ngf6 10. Bf4 Be7 11. c4 Nf8 12. Rfe1 Ng6 13. Bg5 Qc7 14. a3 0-0 15. Bxf6 Bxf6 16. Ne4 Be7 17. g3 Rfd8 18. Rad1 Rd7 19. h4 Rad8 20. Qe2 h6 21. b4 b6 22. Nc3 Bf6 23. Qe3 Ne7 24. Ne4 1/2-1/2

[Event "FICGS class D 000223 email"]
[Site "FICGS email"]
[Date "2015.10.15"]
[Round "1"]
[White "Nudo, Davide"]
[Black "Hilbert, Stephan"]
[Result "1-0"]
[WhiteElo "1449"]
[BlackElo "1644"]
[PlyCount "47"]
[EventDate "2015.??.??"]
[EventType "tourn (corr)"]
[EventRounds "6"]
[SourceTitle "Corr 2022"]
[Source "ChessBase"]
[SourceDate "2021.10.24"]
[SourceVersion "1"]
[SourceVersionDate "2021.10.24"]
[SourceQuality "1"]

1. e4 d5 2. exd5 Qxd5 3. Nc3 Qa5 4. d4 Nf6 5. Nf3 Bg4 6. h3 Bh5 7. g4 Bg6 8. Ne5 c6 9. h4 Ne4 10. Bd2 Nxd2 11. Qxd2 h5 12. Nxg6 fxg6 13. Bd3 Nd7 14. Bxg6+ Kd8 15. 0-0-0 e6 16. Bf7 Bb4 17. Bxe6 Nf6 18. Qg5 Bxc3 19. Qxg7 Bxb2+ 20. Kxb2 Qb4+ 21. Bb3 Rf8 22. Rhe1 a5 23. a3 Qd6 24. Re6 1-0

[Event "FICGS theme 0001 email"]
[Site "FICGS email"]
[Date "2015.10.01"]
[Round "1"]
[White "Nudo, Davide"]
[Black "Schuett, Wilhelm"]
[Result "1-0"]
[WhiteElo "1449"]
[BlackElo "1800"]
[PlyCount "43"]
[EventDate "2015.??.??"]
[EventType "swiss (corr)"]
[EventRounds "1"]
[SourceTitle "Corr 2022"]
[Source "ChessBase"]
[SourceDate "2021.10.24"]
[SourceVersion "1"]
[SourceVersionDate "2021.10.24"]
[SourceQuality "1"]

1. d4 d5 2. c4 e6 3. Nc3 c6 4. Nf3 dxc4 5. g3 b5 6. a4 Bb4 7. Bd2 Qe7 8. axb5 Bxc3 9. Bxc3 cxb5 10. d5 f6 11. dxe6 Bb7 12. Bh3 Nh6 13. Qd2 Nc6 14. Qd5 a6 15. Qh5+ Kf8 16. Rd1 Rd8 17. 0-0 Bc8 18. Nd4 Nxd4 19. Bxd4 Kg8 20. Bc5 Qe8 21. Rxd8 Qxd8 22. e7 1-0

[Event "FICGS class E 000182 email"]
[Site "FICGS email"]
[Date "2015.09.26"]
[Round "1"]
[White "Ramos, Francisco Miguel R"]
[Black "Nudo, Davide"]
[Result "0-1"]
[WhiteElo "1451"]
[BlackElo "1449"]
[PlyCount "52"]
[EventDate "2015.??.??"]
[EventType "tourn (corr)"]
[EventRounds "5"]
[SourceTitle "Corr 2022"]
[Source "ChessBase"]
[SourceDate "2021.10.24"]
[SourceVersion "1"]
[SourceVersionDate "2021.10.24"]
[SourceQuality "1"]

1. e4 c5 2. Nf3 d6 3. d4 cxd4 4. Nxd4 Nf6 5. Nc3 a6 6. Bc4 e5 7. Nf3 Be7 8. 0-0 Nc6 9. a3 Be6 10. Bxe6 fxe6 11. Ng5 Qd7 12. Na4 Bd8 13. Re1 0-0 14. b4 b5 15. Nb2 a5 16. c3 axb4 17. cxb4 Bb6 18. Be3 Bxe3 19. Rxe3 Nd4 20. Rc1 Rfc8 21. Rec3 h6 22. Nf3 Nxe4 23. Rxc8+ Rxc8 24. Rxc8+ Qxc8 25. g3 Nc3 26. Qd3 e4 0-1

[Event "FICGS class E 000182 email"]
[Site "FICGS email"]
[Date "2015.09.26"]
[Round "1"]
[White "Vera, Alan"]
[Black "Nudo, Davide"]
[Result "0-1"]
[WhiteElo "1454"]
[BlackElo "1449"]
[PlyCount "32"]
[EventDate "2015.??.??"]
[EventType "tourn (corr)"]
[EventRounds "5"]
[SourceTitle "Corr 2022"]
[Source "ChessBase"]
[SourceDate "2021.10.24"]
[SourceVersion "1"]
[SourceVersionDate "2021.10.24"]
[SourceQuality "1"]

1. d4 Nf6 2. c4 e6 3. Nc3 Bb4 4. e3 0-0 5. Qb3 c5 6. a3 Bxc3+ 7. Qxc3 cxd4 8. exd4 Nc6 9. Nf3 d5 10. c5 Re8 11. Bb5 Ne4 12. Qe3 Qa5+ 13. b4 Qxb5 14. Nd2 Nf6 15. Nb3 e5 16. dxe5 Rxe5 0-1

[Event "FICGS class D 000222 email"]
[Site "FICGS email"]
[Date "2015.09.18"]
[Round "1"]
[White "Nudo, Davide"]
[Black "Kuge, Tom"]
[Result "1-0"]
[WhiteElo "1449"]
[BlackElo "1616"]
[PlyCount "45"]
[EventDate "2015.??.??"]
[EventType "tourn (corr)"]
[EventRounds "6"]
[SourceTitle "Corr 2022"]
[Source "ChessBase"]
[SourceDate "2021.10.24"]
[SourceVersion "1"]
[SourceVersionDate "2021.10.24"]
[SourceQuality "1"]

1. e4 d5 2. e5 b6 3. d4 Ba6 4. Bxa6 Nxa6 5. e6 fxe6 6. Nf3 Nf6 7. 0-0 g6 8. Re1 Bg7 9. Ng5 0-0 10. Nxe6 Qd7 11. Nxf8 Rxf8 12. f3 c5 13. Qe2 Nb4 14. dxc5 bxc5 15. c3 Nc6 16. Bg5 e5 17. Nd2 Nh5 18. Rad1 Rb8 19. Ne4 Qb7 20. Rxd5 Qxb2 21. Qc4 Kh8 22. Rd6 Rc8 23. Qa6 1-0

[Event "FICGS class D 000222 email"]
[Site "FICGS email"]
[Date "2015.09.18"]
[Round "1"]
[White "Nudo, Davide"]
[Black "Ramos, Francisco Miguel R"]
[Result "1-0"]
[WhiteElo "1449"]
[BlackElo "1451"]
[PlyCount "45"]
[EventDate "2015.??.??"]
[EventType "tourn (corr)"]
[EventRounds "6"]
[SourceTitle "Corr 2022"]
[Source "ChessBase"]
[SourceDate "2021.10.24"]
[SourceVersion "1"]
[SourceVersionDate "2021.10.24"]
[SourceQuality "1"]

1. e4 c5 2. Nf3 d6 3. d4 cxd4 4. Nxd4 Nf6 5. Nc3 a6 6. Bg5 e6 7. Qf3 Be7 8. 0-0-0 Qc7 9. Qg3 0-0 10. f4 Nc6 11. Nxc6 bxc6 12. e5 dxe5 13. fxe5 Nd5 14. Bh6 g6 15. Ne4 Rd8 16. Bc4 Rb8 17. Rhf1 Rb4 18. b3 Qa5 19. Qf3 f5 20. exf6 Bf8 21. f7+ Kh8 22. Bxf8 Rxf8 23. Rxd5 1-0

[Event "FICGS class D 000222 email"]
[Site "FICGS email"]
[Date "2015.09.18"]
[Round "1"]
[White "Trigance, Emile"]
[Black "Nudo, Davide"]
[Result "0-1"]
[WhiteElo "1533"]
[BlackElo "1449"]
[PlyCount "50"]
[EventDate "2015.??.??"]
[EventType "tourn (corr)"]
[EventRounds "6"]
[SourceTitle "Corr 2022"]
[Source "ChessBase"]
[SourceDate "2021.10.24"]
[SourceVersion "1"]
[SourceVersionDate "2021.10.24"]
[SourceQuality "1"]

1. e4 c5 2. d4 cxd4 3. c3 dxc3 4. Nxc3 Nc6 5. Nf3 e6 6. Bc4 Nf6 7. Qe2 d6 8. 0-0 Be7 9. Rd1 e5 10. h3 0-0 11. Be3 Be6 12. Bxe6 fxe6 13. Rac1 h6 14. b4 Qe8 15. Nb5 Rd8 16. Bxa7 Nxa7 17. Nxa7 d5 18. exd5 Nxd5 19. Nxe5 Bg5 20. Rc4 Qa4 21. Ng6 Nf4 22. Rxf4 Qxd1+ 23. Qxd1 Rxd1+ 24. Kh2 Bxf4+ 25. Nxf4 Rxf4 0-1

[Event "FICGS class D 000222 email"]
[Site "FICGS email"]
[Date "2015.09.18"]
[Round "1"]
[White "Vollmer, Steve"]
[Black "Nudo, Davide"]
[Result "0-1"]
[WhiteElo "1553"]
[BlackElo "1449"]
[PlyCount "50"]
[EventDate "2015.??.??"]
[EventType "tourn (corr)"]
[EventRounds "6"]
[SourceTitle "Corr 2022"]
[Source "ChessBase"]
[SourceDate "2021.10.24"]
[SourceVersion "1"]
[SourceVersionDate "2021.10.24"]
[SourceQuality "1"]

1. e4 c6 2. d4 d5 3. Nc3 dxe4 4. Nxe4 Nf6 5. Nxf6+ exf6 6. Nf3 Bf5 7. Be2 Bd6 8. 0-0 0-0 9. c3 Re8 10. Be3 Nd7 11. Bd3 Bxd3 12. Qxd3 Nc5 13. Qd2 Ne4 14. Qc2 f5 15. Rad1 Qa5 16. a3 Re7 17. c4 Rae8 18. d5 c5 19. g3 Qc7 20. Kg2 f4 21. gxf4 Bxf4 22. Rd3 Bxe3 23. fxe3 Nd6 24. Rc3 Qd7 25. Kf2 Ne4+ 0-1

[Event "FICGS W-ch st1 g11 email"]
[Site "FICGS email"]
[Date "2014.03.03"]
[Round "1"]
[White "Nudo, Davide"]
[Black "Roque, Pedro"]
[Result "0-1"]
[WhiteElo "1743"]
[BlackElo "1476"]
[PlyCount "56"]
[EventDate "2014.??.??"]
[EventType "tourn (corr)"]
[EventRounds "8"]
[SourceTitle "Corr 2022"]
[Source "ChessBase"]
[SourceDate "2021.10.24"]
[SourceVersion "1"]
[SourceVersionDate "2021.10.24"]
[SourceQuality "1"]

1. d4 Nf6 2. c4 e6 3. Nf3 d5 4. Nc3 c6 5. e3 Nbd7 6. Bd3 dxc4 7. Bxc4 b5 8. Bd3 a6 9. a4 b4 10. Ne4 c5 11. Nxf6+ Nxf6 12. 0-0 Bb7 13. Qe2 cxd4 14. exd4 Be7 15. Bf4 0-0 16. Be5 Nd7 17. Bf4 a5 18. Rac1 Nf6 19. Rfd1 Rc8 20. Rxc8 Qxc8 21. Ne5 Qa8 22. f3 Nd5 23. Bg3 Qa7 24. Bb5 Rc8 25. Bf2 Bg5 26. g3 g6 27. h4 Bf6 28. h5 Qb6 0-1